| 000 | 00915nam0a22002531 4500 | ||
|---|---|---|---|
| 001 | rc\1021847 | ||
| 005 | 20250622081913.0 | ||
| 035 | _a(NLR Aleph) 006186468 | ||
| 090 |
_a6120602 _c6120602 |
||
| 100 | _a20041129d1981 |||y0rusy50 ca | ||
| 101 | 0 | _arus | |
| 102 | _aRU | ||
| 105 | _aa ||||||||| | ||
| 200 | 1 |
_aПроизводство бромидов щелочных металлов _e(Учеб. пособие для рабочих профессий) |
|
| 210 |
_aМ. _cОтд. подгот. информ. материалов Отд-ния НИИТЭХИМа _d1981 |
||
| 215 |
_a100 с. _cил. _d20 |
||
| 320 | _aБиблиогр.: с. 99 | ||
| 700 | 1 |
_aОсыка _bВ.Г. _gВалерий Григорьевич |
|
| 701 | 1 |
_aПивоваров _bМ.Д. _gМихаил Данилович |
|
| 801 | 0 |
_aRU _bNLR _gpsbo |
|
| 801 | 1 |
_aRU _bELAR _2rusmarc |
|
| 852 |
_aNLR _j81-4/23464 |
||
| 942 | _cBOOK | ||
| 980 | _aNB | ||